<?xml version="1.0" encoding="UTF-8"?>
<record
    xmlns:xsi="http://www.w3.org/2001/XMLSchema-instance"
    xsi:schemaLocation="http://www.loc.gov/MARC21/slim http://www.loc.gov/standards/marcxml/schema/MARC21slim.xsd"
    xmlns="http://www.loc.gov/MARC21/slim">

  <leader>01587nam a2200373 a 4500</leader>
  <datafield tag="999" ind1=" " ind2=" ">
    <subfield code="c">357820</subfield>
    <subfield code="d">357820</subfield>
  </datafield>
  <controlfield tag="001">000000398247</controlfield>
  <controlfield tag="003">IT-MiSPE</controlfield>
  <controlfield tag="005">20180505174716.0</controlfield>
  <controlfield tag="008">120104s2011    it            001 u ita d</controlfield>
  <datafield tag="020" ind1=" " ind2=" ">
    <subfield code="a">9788870948028</subfield>
  </datafield>
  <datafield tag="040" ind1=" " ind2=" ">
    <subfield code="a">IT-MiSPE</subfield>
    <subfield code="b">ita</subfield>
    <subfield code="d">ip</subfield>
    <subfield code="c">IT-MiSPE</subfield>
  </datafield>
  <datafield tag="041" ind1="1" ind2=" ">
    <subfield code="a">ita</subfield>
    <subfield code="h">grc</subfield>
  </datafield>
  <datafield tag="082" ind1=" " ind2=" ">
    <subfield code="a">270.008-SCh.it GRE ni (23112)</subfield>
  </datafield>
  <datafield tag="100" ind1="0" ind2=" ">
    <subfield code="a">Gregorius Nyssenus,</subfield>
    <subfield code="c">s.,</subfield>
    <subfield code="d">ca.331-ca.394.</subfield>
    <subfield code="9">56935</subfield>
  </datafield>
  <datafield tag="240" ind1="1" ind2="0">
    <subfield code="a">In Ecclesiasten homiliae VIII.</subfield>
    <subfield code="l">Greco e italiano</subfield>
  </datafield>
  <datafield tag="245" ind1="1" ind2="0">
    <subfield code="a">Omelie su Qoelet (Ecclesiaste) /</subfield>
    <subfield code="c">Gregorio di Nissa ; testo greco curato da P. Alexander ; introduzione, note e indice di Fran&#xE7;oise Vinel ; traduzione italiana di Maria Benedetta Artioli.</subfield>
  </datafield>
  <datafield tag="260" ind1=" " ind2=" ">
    <subfield code="a">Roma :</subfield>
    <subfield code="b">Edizioni San Clemente  ;</subfield>
    <subfield code="a">Bologna :</subfield>
    <subfield code="b">Edizioni Studio Domenicano,</subfield>
    <subfield code="c">2011.</subfield>
  </datafield>
  <datafield tag="300" ind1=" " ind2=" ">
    <subfield code="a">461 p. ;</subfield>
    <subfield code="c">20 cm</subfield>
  </datafield>
  <datafield tag="490" ind1="1" ind2=" ">
    <subfield code="a">Sources chr&#xE9;tiennes.</subfield>
    <subfield code="a">Edizione italiana ;</subfield>
    <subfield code="v">011</subfield>
  </datafield>
  <datafield tag="500" ind1=" " ind2=" ">
    <subfield code="a">Tit. orig.: Hom&#xE9;lies sur l'Eccl&#xE9;siaste</subfield>
  </datafield>
  <datafield tag="504" ind1=" " ind2=" ">
    <subfield code="a">Bibliografia (p. 109-115) e indici</subfield>
  </datafield>
  <datafield tag="546" ind1=" " ind2=" ">
    <subfield code="a">Traduzione italiana con testo greco a fronte</subfield>
  </datafield>
  <datafield tag="655" ind1=" " ind2="7">
    <subfield code="a">Patrologia greca</subfield>
    <subfield code="x">Gregorius Nyssenus, s., ca.331-ca.394.</subfield>
    <subfield code="2">local</subfield>
    <subfield code="9">56936</subfield>
  </datafield>
  <datafield tag="700" ind1="1" ind2=" ">
    <subfield code="a">Artioli, Maria Benedetta,</subfield>
    <subfield code="e">tr.</subfield>
    <subfield code="9">56937</subfield>
  </datafield>
  <datafield tag="700" ind1="1" ind2=" ">
    <subfield code="a">Vinel, Fran&#xE7;oise,</subfield>
    <subfield code="d">1950-,</subfield>
    <subfield code="e">ed.</subfield>
    <subfield code="9">56938</subfield>
  </datafield>
  <datafield tag="700" ind1="1" ind2=" ">
    <subfield code="a">Alexander, P.,</subfield>
    <subfield code="e">ed.</subfield>
    <subfield code="9">56939</subfield>
  </datafield>
  <datafield tag="730" ind1="0" ind2="0">
    <subfield code="a">Hom&#xE9;lies sur l'Eccl&#xE9;siaste.</subfield>
    <subfield code="l">Italiano.</subfield>
    <subfield code="9">56940</subfield>
  </datafield>
  <datafield tag="830" ind1=" " ind2="0">
    <subfield code="a">Sources chr&#xE9;tiennes.</subfield>
    <subfield code="p">Edizione italiana ;</subfield>
    <subfield code="v">011.</subfield>
    <subfield code="9">56941</subfield>
  </datafield>
  <datafield tag="942" ind1=" " ind2=" ">
    <subfield code="2">ddc</subfield>
    <subfield code="c">BK</subfield>
  </datafield>
  <datafield tag="990" ind1="1" ind2="0">
    <subfield code="a">90001a</subfield>
    <subfield code="b">10001acd</subfield>
  </datafield>
  <datafield tag="952" ind1=" " ind2=" ">
    <subfield code="0">0</subfield>
    <subfield code="1">0</subfield>
    <subfield code="2">ddc</subfield>
    <subfield code="4">0</subfield>
    <subfield code="6">270_000000000000000_008SCH_IT_GRE_NI_23112</subfield>
    <subfield code="7">1</subfield>
    <subfield code="a">CINISELLO</subfield>
    <subfield code="b">CINISELLO</subfield>
    <subfield code="d">2018-05-05</subfield>
    <subfield code="l">0</subfield>
    <subfield code="o">270.008-SCh.it GRE ni (23112)</subfield>
    <subfield code="p">9788870948028</subfield>
    <subfield code="r">2018-05-05 00:00:00</subfield>
    <subfield code="w">2018-05-05</subfield>
    <subfield code="y">BK</subfield>
  </datafield>
</record>
